<?xml version="1.0" encoding="UTF-8"?>
<record
    xmlns:xsi="http://www.w3.org/2001/XMLSchema-instance"
    xsi:schemaLocation="http://www.loc.gov/MARC21/slim http://www.loc.gov/standards/marcxml/schema/MARC21slim.xsd"
    xmlns="http://www.loc.gov/MARC21/slim">

  <leader>01043nam a22002417a 4500</leader>
  <controlfield tag="005">20240530110342.0</controlfield>
  <controlfield tag="008">141117s2009    sp o   gr     000 0 ara d</controlfield>
  <datafield tag="017" ind1=" " ind2=" ">
    <subfield code="a">2001-47552-M</subfield>
    <subfield code="b">&#x627;&#x633;&#x628;&#x627;&#x646;&#x64A;&#x627; . &#x627;&#x644;&#x628;&#x64A;&#x62A; &#x627;&#x644;&#x639;&#x631;&#x628;&#x649; &#x648; &#x627;&#x644;&#x645;&#x639;&#x647;&#x62F; &#x627;&#x644;&#x62F;&#x648;&#x644;&#x649; &#x644;&#x644;&#x62F;&#x631;&#x627;&#x633;&#x627;&#x62A; &#x627;&#x644;&#x639;&#x631;&#x628;&#x64A;&#x629; &#x648; &#x62F;&#x631;&#x627;&#x633;&#x627;&#x62A; &#x627;&#x644;&#x639;&#x627;&#x644;&#x645; &#x627;&#x644;&#x627;&#x633;&#x644;&#x627;&#x645;&#x649;</subfield>
  </datafield>
  <datafield tag="020" ind1=" " ind2=" ">
    <subfield code="a">9788461554171</subfield>
  </datafield>
  <datafield tag="040" ind1=" " ind2=" ">
    <subfield code="a">EG-CaGPL</subfield>
  </datafield>
  <datafield tag="041" ind1="0" ind2=" ">
    <subfield code="a">ara</subfield>
  </datafield>
  <datafield tag="082" ind1="0" ind2="4">
    <subfield code="2">21</subfield>
    <subfield code="a">739.27\</subfield>
    <subfield code="b">&#x645; &#x62D;</subfield>
  </datafield>
  <datafield tag="100" ind1="1" ind2=" ">
    <subfield code="a">&#x645;&#x62B;&#x627;&#x631;&#x64A;&#x62F;&#x648; &#x60C; &#x62E;&#x648;&#x631;&#x62E;&#x649; &#x62F;&#x64A;&#x62B;&#x643;&#x627;&#x64A;&#x627;&#x631; &#x62F;&#x649;</subfield>
  </datafield>
  <datafield tag="245" ind1="1" ind2="0">
    <subfield code="a">&#x62D;&#x644;&#x649; &#x627;&#x645;&#x627;&#x632;&#x64A;&#x63A;&#x64A;&#x629; /</subfield>
    <subfield code="c">&#x62E;&#x648;&#x631;&#x62E;&#x649; &#x62F;&#x64A;&#x62B;&#x643;&#x627;&#x64A;&#x627;&#x631; &#x62F;&#x649; &#x645;&#x62B;&#x627;&#x631;&#x64A;&#x62F;&#x648; </subfield>
  </datafield>
  <datafield tag="260" ind1=" " ind2=" ">
    <subfield code="a">&#x627;&#x633;&#x628;&#x627;&#x646;&#x64A;&#x627; :</subfield>
    <subfield code="b">&#x627;&#x644;&#x628;&#x64A;&#x62A; &#x627;&#x644;&#x639;&#x631;&#x628;&#x649; &#x648; &#x627;&#x644;&#x645;&#x639;&#x647;&#x62F; &#x627;&#x644;&#x62F;&#x648;&#x644;&#x649; &#x644;&#x644;&#x62F;&#x631;&#x627;&#x633;&#x627;&#x62A; &#x627;&#x644;&#x639;&#x631;&#x628;&#x64A;&#x629; &#x648; &#x62F;&#x631;&#x627;&#x633;&#x627;&#x62A; &#x627;&#x644;&#x639;&#x627;&#x644;&#x645; &#x627;&#x644;&#x627;&#x633;&#x644;&#x627;&#x645;&#x649; &#x60C;</subfield>
    <subfield code="c">2009</subfield>
  </datafield>
  <datafield tag="300" ind1=" " ind2=" ">
    <subfield code="a">202 &#x635; :</subfield>
    <subfield code="b">&#x635;&#x648;&#x631; &#x644;&#x648; &#x61B;</subfield>
    <subfield code="c">24 &#x633;&#x645;</subfield>
  </datafield>
  <datafield tag="650" ind1="0" ind2="4">
    <subfield code="a">&#x627;&#x644;&#x627;&#x62D;&#x62C;&#x627;&#x631; &#x627;&#x644;&#x643;&#x631;&#x64A;&#x645;&#x629;</subfield>
  </datafield>
  <datafield tag="650" ind1="0" ind2="4">
    <subfield code="a">&#x627;&#x634;&#x63A;&#x627;&#x644; &#x627;&#x644;&#x645;&#x639;&#x627;&#x62F;&#x646; &#x627;&#x644;&#x646;&#x641;&#x64A;&#x633;&#x629;</subfield>
  </datafield>
  <datafield tag="650" ind1="0" ind2="4">
    <subfield code="a">&#x627;&#x644;&#x645;&#x62C;&#x648;&#x647;&#x631;&#x627;&#x62A; </subfield>
  </datafield>
  <datafield tag="650" ind1="0" ind2="4">
    <subfield code="a">&#x627;&#x644;&#x62D;&#x644;&#x649;</subfield>
    <subfield code="x">&#x645;&#x639;&#x627;&#x631;&#x636;</subfield>
  </datafield>
  <datafield tag="942" ind1=" " ind2=" ">
    <subfield code="2">ddc</subfield>
    <subfield code="c">BK</subfield>
  </datafield>
  <datafield tag="999" ind1=" " ind2=" ">
    <subfield code="c">59897</subfield>
    <subfield code="d">59897</subfield>
  </datafield>
  <datafield tag="952" ind1=" " ind2=" ">
    <subfield code="0">0</subfield>
    <subfield code="1">0</subfield>
    <subfield code="4">0</subfield>
    <subfield code="7">0</subfield>
    <subfield code="a">CAI</subfield>
    <subfield code="b">CAI</subfield>
    <subfield code="d">2014-11-17</subfield>
    <subfield code="l">0</subfield>
    <subfield code="o">739.2\&#x645; &#x62D;</subfield>
    <subfield code="p">158857</subfield>
    <subfield code="r">2014-11-17 00:00:00</subfield>
    <subfield code="w">2014-11-17</subfield>
    <subfield code="y">BK</subfield>
  </datafield>
</record>
